书目信息 |
| 题名: |
中国古典诗词精品赏读
|
|
| 作者: | 赵晓辉 编著 | |
| 分册: | 李清照 | |
| 出版信息: | 北京 五洲传播出版社 2005 |
|
| 页数: | 125页 | |
| 开本: | 23cm | |
| 丛书名: | ||
| 单 册: | ||
| 中图分类: | I207.2 , I207.23 | |
| 科图分类: | ||
| 主题词: | 古典诗歌--鉴赏--中国 , 宋词 , 古典诗歌 | |
| 电子资源: | ||
| ISBN: | 7-5085-0830-0 | |
| 000 | 01002nam0 2200277 450 | |
| 001 | 003038352 | |
| 005 | 20070803111648.10 | |
| 010 | @a7-5085-0830-0@dCNY46.00 | |
| 100 | @a20050119d2005 em y0chiy0110 ea | |
| 101 | 0 | @achi |
| 102 | @aCN@b110000 | |
| 105 | @aa z 000yy | |
| 200 | 1 | @a中国古典诗词精品赏读@9zhong guo gu dian shi ci jing pin shang du@i李清照@f赵晓辉编著 |
| 210 | @a北京@c五洲传播出版社@d2005 | |
| 215 | @a125页@c图@d23cm | |
| 330 | @a本书包括词人小传与作品赏析两部分,收入南宋词人李清照的作品,每首作品分为题解、句解、评解三个章节,并配以当代画家根据诗词意境绘制的中国画,通过这些诗、画,可以更深刻地领悟到中国古代艺术作品中的诗情画意。 | |
| 600 | 0 | @a李清照@c(女,@f1084~约1156) |
| 600 | 0 | @a李清照@c(女,@f1084~约1156)@x宋词@x鉴赏 |
| 606 | 0 | @a古典诗歌@x鉴赏@y中国 |
| 606 | 0 | @a宋词 |
| 606 | 0 | @a古典诗歌 |
| 690 | @aI207.2@v4 | |
| 690 | @aI207.23@v4 | |
| 701 | 0 | @a赵晓辉@9zhao xiao hui@c(文学)@4编著 |
| 801 | 0 | @aCN@bNLC@c20070803 |
| 905 | @a10447@dI207.2@e765 | |
| 中国古典诗词精品赏读.李清照/赵晓辉编著.-北京:五洲传播出版社,2005 |
| 125页:图;23cm |
| ISBN 7-5085-0830-0:CNY46.00 |
| 本书包括词人小传与作品赏析两部分,收入南宋词人李清照的作品,每首作品分为题解、句解、评解三个章节,并配以当代画家根据诗词意境绘制的中国画,通过这些诗、画,可以更深刻地领悟到中国古代艺术作品中的诗情画意。 |
| ● |
| 相关链接 |
|
|
|
|
正题名:中国古典诗词精品赏读
索取号:I207.2/765
 
预约/预借
| 序号 | 登录号 | 条形码 | 馆藏地/架位号 | 状态 | 备注 |
| 1 | 0801686 | 208016868 | 第一样本阅览室/ [索取号:I207.2/765] | 在馆 | |
| 2 | 0801687 | 208016877 | 第二借阅区/ [索取号:I207.2/765] | 在馆 | |
| 3 | 0801688 | 208016886 | 第二借阅区/ [索取号:I207.2/765] | 在馆 | |
| 4 | 0801689 | 208016895 | 第二借阅区/ [索取号:I207.2/765] | 在馆 | |
| 5 | 0801690 | 208016902 | 第二借阅区/ [索取号:I207.2/765] | 在馆 | |
| 6 | 0801691 | 208016911 | 第二借阅区/ [索取号:I207.2/765] | 在馆 | |
| 7 | 0801692 | 208016920 | 第二借阅区/ [索取号:I207.2/765] | 在馆 | |
| 8 | 0801693 | 208016939 | 第二借阅区/ [索取号:I207.2/765] | 在馆 | |
| 9 | 0801694 | 208016948 | 第二借阅区/ [索取号:I207.2/765] | 在馆 | |
| 10 | 0801695 | 208016957 | 第二借阅区/ [索取号:I207.2/765] | 在馆 |